000 00185 a2200097 4500
020 _a9780545343749
041 _aspa
100 _aErin Downing
245 _aChismes jugosos
942 _cBK
999 _c29165
_d29163